Normal view
MARC view
- Anthony, Martin
Entry Personal Name
001 - CONTROL NUMBER
- control field: 88826
003 - CONTROL NUMBER IDENTIFIER
- control field: NUST
005 - DATE AND TIME OF LATEST TRANSACTION
- control field: 20220206142050.0
008 - FIXED-LENGTH DATA ELEMENTS
- fixed length control field: 220206|| aca||aabn | a|a d
040 ## - CATALOGING SOURCE
- Original cataloging agency: NUST
- Transcribing agency: NUST
100 ## - HEADING--PERSONAL NAME
- Personal name: Anthony, Martin
670 ## - SOURCE DATA FOUND
- Source citation: Work cat.: (NUST)3596: Anthony, Martin., Mathematics for economics and finance :, 2005.
